Podnikateľ a dôvody hľadania daňových rajov

Dôvody, ktoré vedú vlastníkov kapitálu vyhľadávať daňové raje. Operácie, ktoré možno vykonávať v daňových rajoch. Prednosti a výhody konkrétnych daňových rajov. Budúcnosť daňových rajov.

Salvato in:
Dettagli Bibliografici
Autore principale: Burák, Emil
Natura: Capitolo di libro
Lingua:slovacco
Soggetti:
Tags: Aggiungi Tag
Nessun Tag, puoi essere il primo ad aggiungerne!!

MARC

LEADER 00000naa a2200000 4500
001 r032291
005 20230926072519.4
041 0 |a slo 
044 |a SK 
245 1 0 |a Podnikateľ a dôvody hľadania daňových rajov  |c Emil Burák 
520 |a Dôvody, ktoré vedú vlastníkov kapitálu vyhľadávať daňové raje. Operácie, ktoré možno vykonávať v daňových rajoch. Prednosti a výhody konkrétnych daňových rajov. Budúcnosť daňových rajov. 
610 2 0 |a offshore 
610 2 0 |a zvýhodnenie daňové 
610 2 0 |a prevody kapitálové 
610 2 0 |a podnikatelia 
100 1 |a Burák, Emil